00508nam a2200169Ia 4500008004100000082001600041100001900057245003600076250000800112260003800120300001200158500002400170650001400194942000700208952010600215999001700321230524s9999 xx 000 0 und d a658.43bKUM aA.Kumar931119 2aA Text Book of Material Science aIST aNEW DELHIbAsian Publishersc2009 aXII;364 aQuantity Number: 1 aChemistry cBK 00104070aTATCLbTATCLcGENd2023-05-24l0o658.43 KUMp32579r2023-05-24w2023-05-24yBKzBSCC2201 c44273d44273